Project Management: (Record no. 532213)

000 -LEADER
fixed length control field 00453nam a22001697a 4500
003 - CONTROL NUMBER IDENTIFIER
control field NUST
005 - DATE AND TIME OF LATEST TRANSACTION
control field 20191113115421.0
008 - FIXED-LENGTH DATA ELEMENTS--GENERAL INFORMATION
fixed length control field 191113b ||||| |||| 00| 0 eng d
020 ## - INTERNATIONAL STANDARD BOOK NUMBER
International Standard Book Number 0071450874
024 ## - OTHER STANDARD IDENTIFIER
Standard number or code 978-0071450874
038 ## - RECORD CONTENT LICENSOR
Staff Name MSOHAIL
082 ## - DEWEY DECIMAL CLASSIFICATION NUMBER
Classification number 0
100 ## - MAIN ENTRY--PERSONAL NAME
Personal name Gary R. Hearkens
9 (RLIN) 25587
245 ## - TITLE STATEMENT
Title Project Management:
Remainder of title 24 Lessons to Help You Master Any Project
260 ## - PUBLICATION, DISTRIBUTION, ETC.
Place of publication, distribution, etc. N.York
Name of publisher, distributor, etc. McGraw-Hill Education
Date of publication, distribution, etc. c2007
942 ## - ADDED ENTRY ELEMENTS (KOHA)
Source of classification or shelving scheme
Koha item type Book
Holdings
Withdrawn status Lost status Source of classification or shelving scheme Damaged status Not for loan Permanent Location Current Location Date acquired Total Checkouts Barcode Date last seen Price effective from Koha item type
          School of Civil and Environmental Engineering (SCEE) School of Civil and Environmental Engineering (SCEE) 11/13/2019   NIT-12120 11/13/2019 11/13/2019 Book
© 2023 Central Library, National University of Sciences and Technology. All Rights Reserved.